Statistiques concernant Test de Connaissances Nintendo

Cliquez ici pour prendre le quiz!

Statistiques générales

  • Ce quiz a été pris 417 fois
  • Le résultat moyen est 8 sur 15

Statistiques - réponses

QuestionRéponse% Correct
Nom du frère de MarioLuigi
100%
Nom du Héros des jeux ZeldaLink
97%
Console la plus vendu de NintendoDS
82%
Nombre de jeux Super Smash Bros5
81%
nombre de génération de Pokemon différentes8
77%
Nombre de jeux Zelda sortie sur Switch (Spin-Off inclut)6
68%
Console Portable sortie en 2001Game Boy Advance
55%
Nom du Jeu Mario Kart Sorti sur 3DSMario Kart 7
50%
Date de Sortie de la NES1985
45%
Console de Salon sortie en 1990SNES
38%
jeu le plus vendu produit par NintendoWii sport
36%
Nom du créateur des licences Mario et ZeldaShigeru Miyamoto
32%
Nom du jeu Animal crossing sortie sur DSAnimal Crossing Wild World
10%
Nom du Directeur des jeux ZeldaEiji Aonuma
8%
Première console de NintendoColor TV-Game
2%

Distribution des résultats

Percentile par nombre de réponses

% des personnes avec chaque résultat

Votre développement - résultats

Vous n’avez pas pris ce quiz